| 000 | 00516nam a2200157 a 4500 | ||
|---|---|---|---|
| 001 | 000035904 | ||
| 005 | 20250205100840.0 | ||
| 008 | 111115s2011 dr 000 0 spa d | ||
| 040 |
_aDO-SdBNP _bspa _cBNPHU |
||
| 100 | 1 |
_aVásquez Rondón, Ruddy A., _d1933- _963213 |
|
| 245 | 1 | 3 |
_aEl negocio del diezmo o los mercaderes del templo / _cRuddy Vásquez Rondón. |
| 260 |
_aSanto Domingo : _bJ. & N., _c2011. |
||
| 300 |
_a208 p. ; _c22 cm. |
||
| 500 | _aIncluye datos biográficos del autor en la solapa | ||
| 049 | _aBNPD | ||
| 999 |
_c35395 _d35395 |
||